000 01118nam a2200265 i 4500
005 20210818182405.0
008 201111e1990 ck gr 001 0dspa d
040 _aCOMFC
_bspa
_ccobobit
_erda
041 _aspa
082 0 4 _a324.986132 21
_bC227a
100 _955948
_aCano de Arenas, Stella
_eautor
245 1 0 _aAlgunas facciones políticas en Risaralda
_b1968 - 1984
_cStella Cano de Arenas ; prólogo de Alfonso López Michelsen
264 0 1 _aPereira
_bGraficar Pereira Ltda.
_c1990
300 _a156 páginas
_c20 cm
336 _2rdacontent
_atxt
337 _2rdamedia
_an
338 _2rdacarrier
_anc
500 _aIncluye índice de cuadros y anexos
504 _aIncluye bibliografía páginas 151 - 152
650 0 _925994
_aPartidos Politicos
_zRisaralda
_y1968 - 1984
651 0 _943489
_aRisaralda (Colombia)
_ePolítica y Gobierno
_y1968 - 1984
700 _96950
_aLópez Michelsen, Alfonso,
_d1913-2007
_eProloguista
830 _954504
_aDonación - Sala de Patrimonio Bibliográfico y Documental de Risaralda
942 _2ddc
_h324.986132 21 C227a
_k324.986132 21
_mC227a
999 _c15975
_d15975